| 000 | 00594cam a2200193ua 4500 | ||
|---|---|---|---|
| 020 |
_a81 204 0507 2 _c125.00 |
||
| 041 |
_aeng _h |
||
| 082 |
_a627.52 _bSHA/CA |
||
| 100 | _aSharma, R K . | ||
| 245 |
_aText book of irrigation engineering:canal structures vol-3 canal structures including river engineering part-1,2 / _cR K Sharma. _hTextual Documents |
||
| 260 |
_aNew Delhi : _bOxford & IBH Publishing company , _c1993. |
||
| 300 | _a278 ; . | ||
| 365 | _a125.00 | ||
| 504 | _a | ||
| 700 | 1 | _aSharma, T K . | |
| 942 | _cBK | ||
| 999 |
_c9377 _d9377 |
||